Calendario Maya (Registro nro. 21620)

Detalles MARC
000 -CABECERA
Longitud fija campo de control 00580nam a22002057a 4500
003 - IDENTIFICADOR DELl NÚMERO DE CONTROL
Identificador del número de control OSt
005 - FECHA Y HORA DE LA ÚLTIMA TRANSACCIÓN
Fecha y hora de la última transacción 20151104095153.0
008 - CÓDIGOS DE INFORMACIÓN DE LONGITUD FIJA
Códigos de información de longitud fija 150629b xxu||||| |||| 00| 0 eng d
020 ## - NÚMERO INTERNACIONAL NORMALIZADO PARA LIBROS
Número Internacional Normalizado para Libros (ISBN) 978-950-17-7005-6
040 ## - FUENTE DE LA CATALOGACIÓN
Centro transcriptor BCRI
082 ## - NÚMERO DE LA CLASIFICACIÓN DECIMAL DEWEY
Númeroo de clasificación 133.5
100 1# - PUNTO DE ACCESO PRINCIPAL-NOMBRE DE PERSONA
9 (RLIN) 35241
Nombre de persona Zosi, Claudia Federica
245 10 - MENCIÓN DE TÍTULO
Título Calendario Maya
Resto del título : la cuenta sagrada del tiempo
Mención de responsabilidad, etc. Claudia Federica Zosi
250 ## - MENCIÓN DE EDICIÓN
Mención de edición 1ª ed; 8ª reimp
260 ## - PUBLICACIÓN, DISTRIBUCIÓN, ETC. (PIE DE IMPRENTA)
Lugar de publicación, distribución, etc. Buenos Aires
Nombre del editor, distribuidor, etc. Infinito
Fecha de publicación, distribución, etc. 2009
300 ## - DESCRIPCIÓN FÍSICA
Extensión 160p
Otras características físicas il.
Dimensiones 20cm
490 ## - MENCIÓN DE SERIE
Mención de serie Infinito
650 ## - PUNTO DE ACCESO ADICIONAL DE MATERIA - TÉRMINO DE MATERIA
9 (RLIN) 29319
Término de materia o nombre geográfico como elemento inicial Cuentos de ciencia ficción
942 ## - ENTRADA DE ELEMENTOS AGREGADOS (KOHA)
Fuente de clasificaión o esquema Dewey Decimal Classification
Koha [por defecto] tipo de item 1- Monografias
Existencias
Suprimido Perdido Fuente de clasificación o esquema Estropeado Restricciones de uso No para préstamo Código de colección Localización permanente Localización actual Localización en estanter&íacute;as Fecha adquisición Fuente de adquisición Número de inventario Préstamos totales Signatura completa Código de barras Fecha última consulta Fecha último préstamo Fecha del precio de reemplazo Tipo de item de Koha
NULL NULL Dewey Decimal Classification NULL Prestable NULL NULL Biblioteca Centro Regional de Ilobasco Biblioteca Centro Regional de Ilobasco Sala Principal 29/06/2015 UNICAES LI000512 1 133.5 ZOS cal 1032168 13/02/2025 13/02/2025 29/06/2015 1- Monografias
NULL NULL Dewey Decimal Classification NULL Prestable NULL NULL Biblioteca Centro Regional de Ilobasco Biblioteca Centro Regional de Ilobasco Sala Principal 13/08/2015 UNICAES LI000826 1 133.5 ZOS cal 1033068 25/04/2025 25/04/2025 13/08/2015 1- Monografias